വിപ സ്സന ധ്യാനം (Record no. 179946)

MARC details
000 -LEADER
fixed length control field 00636nam a22001697a 4500
010 ## - LCCN (DPL NO)
LC control number MAL-9459
020 ## - INTERNATIONAL STANDARD BOOK NUMBER
International Standard Book Number 978-93.54167386-
Terms of availability 240.00
035 ## - SYSTEM CONTROL NUMBER
System control number MA-8916
082 ## - DEWEY DECIMAL CLASSIFICATION NUMBER
Edition number .1st edition
Classification number 204.3
Item number അബ്രഹ
100 ## - MAIN ENTRY--PERSONAL NAME
Personal name പ്രശാന്ത് ജേക്കബ് എബ്രഹാം
245 ## - TITLE STATEMENT
Title വിപ സ്സന ധ്യാനം
Statement of responsibility, etc എബ്രഹാം ജേക്കബ് പ്രശാന്ത്
250 ## - EDITION STATEMENT
Edition statement Ist edition
260 ## - PUBLICATION, DISTRIBUTION, ETC. (IMPRINT)
Place of publication, distribution, etc
Name of publisher, distributor, etc published by author
Date of publication, distribution, etc 2020
270 ## - ADDRESS
City കേരള
300 ## - PHYSICAL DESCRIPTION
Extent 79p
Dimensions 21cm
942 ## - ADDED ENTRY ELEMENTS (KOHA)
Source of classification or shelving scheme Dewey Decimal Classification
Item type Malayalam Bks
Edition 1st edition
Classification part 204.3
Call number prefix അബ്രഹ
Holdings
Withdrawn status Lost status Not for loan Collection code Home library Current library Date acquired Source of acquisition Cost, normal purchase price Full call number Barcode Copy number Cost, replacement price Koha item type
    Not For Loan Non-fiction D.B.Act.Division D.B.Act.Division 19/07/2021 DBAD/PUB 240.00 204.3 MA-8916 1 240.00 Malayalam Bks

© Delhi Public Library
Hit Counter
free hit counter